| 000 | 00827nas a2200289 4500 | ||
|---|---|---|---|
| 001 | BR0700414 | ||
| 003 | BR-BrBNA | ||
| 005 | 20231205110514.0 | ||
| 007 | ta | ||
| 008 | 230509b bl.|||p| |||| 00| 00por d | ||
| 040 |
_aBR-BrBNA _bpor _cBiblioteca Nacional de Agricultura |
||
| 041 | _a(Pt) | ||
| 072 | _aL73; L52 | ||
| 100 | 1 | _aSilva, C.A. da | |
| 100 | 1 | _aHoshi, E.H. | |
| 100 | 1 | _aSarubbi, J. | |
| 245 | 1 | _aTilmicosina nas rações de suínos em fases de crescimento e terminação | |
| 650 | _aSUÍNO | ||
| 650 | _aANTIBIÓTICO | ||
| 650 | _aRAÇÃO | ||
| 650 | _aTERMINAÇÃO | ||
| 650 | _aDOENÇA RESPIRATÓRIA | ||
| 650 | _aPERFORMANCE | ||
| 773 | 0 |
_tSemina (Brazil) _xISSN 1676-546X _g(Jan-Jun 2003), v. 24(1) p. 113-118 _wBR0700414 |
|
| 909 |
_a202311 _bLúcia _c55 _dLúcia Elande |
||
| 942 |
_2AGRIS _n0 _cANA |
||
| 999 |
_c187659 _d187659 |
||